УМЗ - завод союзного значения; Известия Томского политехнического университета [Известия ТПУ]; Т. 305, вып. 3 : Проблемы и перспективы технологий атомной промышленности

Chi tiết về thư mục
Parent link:Известия Томского политехнического университета [Известия ТПУ]/ Томский политехнический университет (ТПУ).— , 2000-
Т. 305, вып. 3 : Проблемы и перспективы технологий атомной промышленности.— 2002.— [С. 21-23]
Tác giả chính: Кузнецов Б. А.
Tác giả khác: Борсук С. Н., Кузнецова Л. П.
Tóm tắt:Заглавие с титульного листа
Электронная версия печатной публикации
За свой более чем 50-летний период становления и развития ОАО "УМЗ" усилиями большого коллектива специалистов и рабочих трансформировалось в сложнейший уникальный промышленный комплекс, организованный структурно в заводы по производству целого ряда изделий и полуфабрикатов для нужд атомной, электронной и ракетной техники.
Ngôn ngữ:Tiếng Nga
Được phát hành: 2002
Loạt:Ядерные реакторы и установки
Những chủ đề:
Truy cập trực tuyến:http://www.lib.tpu.ru/fulltext/v/Bulletin_TPU/2002/v305/i3/05.pdf
Định dạng: Điện tử Chương của sách
KOHA link:https://koha.lib.tpu.ru/cgi-bin/koha/opac-detail.pl?biblionumber=163674

MARC

LEADER 00000nla2a2200000 4500
001 163674
005 20231101222420.0
035 |a (RuTPU)RU\TPU\book\177579 
035 |a RU\TPU\book\177578 
090 |a 163674 
100 |a 20090820d2002 k y0rusy50 ca 
101 0 |a rus 
102 |a RU 
135 |a drnn ---uucaa 
181 0 |a i  
182 0 |a b 
200 1 |a УМЗ - завод союзного значения  |b Электронный ресурс  |f Б. А. Кузнецов, С. Н. Борсук, Л. П. Кузнецова 
203 |a Текст  |c электронный 
215 |a 1 файл (853 Кб) 
225 1 |a Ядерные реакторы и установки 
230 |a Электронные текстовые данные (1 файл : 853 Кб) 
300 |a Заглавие с титульного листа 
300 |a Электронная версия печатной публикации 
330 |a За свой более чем 50-летний период становления и развития ОАО "УМЗ" усилиями большого коллектива специалистов и рабочих трансформировалось в сложнейший уникальный промышленный комплекс, организованный структурно в заводы по производству целого ряда изделий и полуфабрикатов для нужд атомной, электронной и ракетной техники. 
337 |a Adobe Reader 
461 1 |0 (RuTPU)RU\TPU\book\176237  |t Известия Томского политехнического университета [Известия ТПУ]  |f Томский политехнический университет (ТПУ)  |d 2000- 
463 1 |0 (RuTPU)RU\TPU\book\177520  |t Т. 305, вып. 3 : Проблемы и перспективы технологий атомной промышленности  |o тематический выпуск  |v [С. 21-23]  |d 2002  |p 415 с. 
601 0 2 |a Ульбинский металлургический завод  |2 stltpush  |3 (RuTPU)RU\TPU\col\4522  |9 23993 
610 1 |a электронный ресурс 
610 1 |a моноцитовые руды 
610 1 |a уран 
610 1 |a бериллий 
610 1 |a тантал 
610 1 |a ниобий 
610 1 |a атомная промышленность 
610 1 |a электронная промышленность 
610 1 |a ракетная техника 
610 1 |a атомная энергетика 
610 1 |a металлургические заводы 
700 1 |a Кузнецов  |b Б. А. 
701 1 |a Борсук  |b С. Н. 
701 1 |a Кузнецова  |b Л. П. 
801 1 |a RU  |b 63413507  |c 20090623  |g PSBO 
801 2 |a RU  |b 63413507  |c 20210417  |g PSBO 
856 4 |u http://www.lib.tpu.ru/fulltext/v/Bulletin_TPU/2002/v305/i3/05.pdf 
942 |c CF